[Event "CZE-tht Extraliga 2018-19"]
[Site "Czech Republic"]
[Date "2019.04.20"]
[Round "10.4"]
[White "Zwardon, Vojtech"]
[Black "Blahynka, Martin"]
[Result "1/2-1/2"]
[WhiteElo "2458"]
[BlackElo "2422"]
[Annotator "ChessBase"]
[PlyCount "155"]
[EventDate "2018.11.03"]
[EventType "team-tourn"]
[EventCountry "CZE"]
[SourceTitle "playchess.com"]
[Source "ChessBase"]
[SourceQuality "1"]
[WhiteTeam "Beskydska"]
[BlackTeam "Duras"]
[TimeControl "40/5400+30:1800+30"]

1. g3 {[%emt 0:00:00]} Nf6 {[%emt 0:02:00]} 2. Bg2 {[%emt 0:00:00]} d5 {[%emt 0:00:12]} 3. Nf3 {[%emt 0:00:00]} c5 {[%emt 0:04:05]} 4. O-O {[%emt 0:00:18]} Nc6 {[%emt 0:00:10]} 5. d4 {[%emt 0:00:05]} e6 {[%emt 0:07:55]} 6. Bg5 {[%emt 0:04:56]} h6 {[%emt 0:02:21]} 7. Bxf6 {[%emt 0:00:56]} Qxf6 {[%emt 0:00:06]} 8. c4 {[%emt 0:05:21]} cxd4 {[%emt 0:02:12]} 9. cxd5 {[%emt 0:00:33]} exd5 {[%emt 0:00:06]} 10. Nbd2 {[%emt 0:00:57]} g6 {[%emt 0:06:26]} 11. Qb3 {[%emt 0:04:17]} Bg7 {[%emt 0:01:14]} 12. Qxd5 {[%emt 0:00:26]} O-O {[%emt 0:00:46]} 13. Ne4 {[%emt 0:03:21]} Qe6 {[%emt 0:02:06]} 14. Qxe6 {[%emt 0:01:26]} Bxe6 {[%emt 0:00:10]} 15. Ne1 {[%emt 0:00:27]} Rfd8 {[%emt 0:14:37]} 16. Nd3 {[%emt 0:02:08]} b6 {[%emt 0:00:43]} 17. Nf4 {[%emt 0:09:37]} Bf5 {[%emt 0:07:45]} 18. Rac1 {[%emt 0:01:23]} Rac8 {[%emt 0:00:17]} 19. a4 {[%emt 0:00:54]} Nb4 {[%emt 0:17:23]} 20. Rxc8 {[%emt 0:03:02]} Bxc8 {[%emt 0:00:05]} 21. Rc1 {[%emt 0:00:43]} Ba6 {[%emt 0:00:30]} 22. Bf1 {[%emt 0:03:45]} Be5 {[%emt 0:12:23]} 23. Nd3 {[%emt 0:02:55]} Nxd3 {[%emt 0:00:06]} 24. exd3 {[%emt 0:00:03]} g5 {[%emt 0:04:36]} 25. b4 {[%emt 0:04:04]} Rc8 {[%emt 0:03:36]} 26. Re1 {[%emt 0:00:34]} g4 {[%emt 0:03:25]} 27. h3 {[%emt 0:05:05]} h5 {[%emt 0:01:05]} 28. hxg4 {[%emt 0:00:06]} hxg4 {[%emt 0:00:04]} 29. Nd2 {[%emt 0:00:13]} Bd6 {[%emt 0:04:36]} 30. b5 {[%emt 0:02:53]} Bb7 {[%emt 0:00:10]} 31. Nc4 {[%emt 0:00:24]} Bb4 {[%emt 0:01:11]} 32. Re5 {[%emt 0:03:16]} Bf3 {[%emt 0:02:53]} 33. Bg2 {[%emt 0:03:20]} Bd1 {[%emt 0:00:29]} 34. Rd5 {[%emt 0:01:49]} Bxa4 {[%emt 0:00:33]} 35. Rxd4 {[%emt 0:03:01]} Bxb5 {[%emt 0:00:17]} 36. Rxg4+ {[%emt 0:13:15]} Kf8 {[%emt 0:00:08]} 37. Rh4 {[%emt 0:01:42]} Rd8 {[%emt 0:01:04]} 38. Nxb6 {[%emt 0:00:21]} Bc3 {[%emt 0:00:41]} 39. Nd5 {[%emt 0:00:10]} Be5 {[%emt 0:00:32]} 40. d4 {[%emt 0:00:15]} Bg7 {[%emt 0:00:24]} 41. Nc7 {[%emt 0:30:26]} Bd3 {[%emt 0:02:17]} 42. Rf4 {[%emt 0:00:00]} Rd6 {[%emt 0:17:18]} 43. d5 {[%emt 0:00:00]} Ke7 {[%emt 0:02:21]} 44. Rf3 {[%emt 0:00:00]} Bc4 {[%emt 0:06:45]} 45. Re3+ {[%emt 0:00:00]} Kd7 {[%emt 0:00:43]} 46. Ne8 {[%emt 0:00:00]} Rg6 {[%emt 0:00:33]} 47. Bh3+ {[%emt 0:00:00]} Kd8 {[%emt 0:00:10]} 48. Nxg7 {[%emt 0:00:00]} Rxg7 {[%emt 0:00:07]} 49. Rc3 {[%emt 0:00:00]} Bb5 {[%emt 0:02:15]} 50. Rc8+ {[%emt 0:00:00]} Ke7 {[%emt 0:00:02]} 51. Rb8 {[%emt 0:00:00]} a6 {[%emt 0:03:02]} 52. Rb7+ {[%emt 0:00:00]} Kd6 {[%emt 0:00:05]} 53. Be6 {[%emt 0:00:00]} Be8 {[%emt 0:00:05]} 54. Ra7 {[%emt 0:00:00]} a5 {[%emt 0:00:49]} 55. Kf1 {[%emt 0:00:00]} a4 {[%emt 0:00:59]} 56. Ke2 {[%emt 0:00:00]} a3 {[%emt 0:00:28]} 57. Ke3 {[%emt 0:00:00]} a2 {[%emt 0:00:06]} 58. Ra6+ {[%emt 0:00:00]} Kc5 {[%emt 0:00:26]} 59. Bf5 {[%emt 0:00:00]} Kxd5 {[%emt 0:00:23]} 60. Be4+ {[%emt 0:00:00]} Kc5 {[%emt 0:00:17]} 61. Rxa2 {[%emt 0:00:00]} Kd6 {[%emt 0:00:25]} 62. Ra7 {[%emt 0:00:00]} Bd7 {[%emt 0:00:17]} 63. Bc2 {[%emt 0:00:00]} Be6 {[%emt 0:00:43]} 64. Ba4 {[%emt 0:00:00]} Rg5 {[%emt 0:00:36]} 65. Be8 {[%emt 0:05:59]} Re5+ {[%emt 0:00:04]} 66. Kd4 {[%emt 0:00:08]} Rd5+ {[%emt 0:00:08]} 67. Kc3 {[%emt 0:00:08]} Rc5+ {[%emt 0:00:17]} 68. Kb2 {[%emt 0:00:39]} f6 {[%emt 0:02:02]} 69. Bg6 {[%emt 0:00:36]} Bf5 {[%emt 0:00:50]} 70. Ra6+ {[%emt 0:00:47]} Ke7 {[%emt 0:00:03]} 71. Bxf5 {[%emt 0:01:10]} Rxf5 {[%emt 0:00:04]} 72. f4 {[%emt 0:00:06]} Rc5 {[%emt 0:00:02]} 73. Kb3 {[%emt 0:01:48]} Rc1 {[%emt 0:00:49]} 74. g4 {[%emt 0:00:49]} Rg1 {[%emt 0:00:30]} 75. Ra7+ {[%emt 0:00:13]} Kf8 {[%emt 0:00:12]} 76. g5 {[%emt 0:00:40]} fxg5 {[%emt 0:00:06]} 77. fxg5 {[%emt 0:00:05]} Rxg5 {[%emt 0:00:06]} 78. Ra1 {[%emt 0:00:09]} 1/2-1/2

[Event "CZE-tht Extraliga 2018-19"]
[Site "Czech Republic"]
[Date "2019.04.20"]
[Round "10.4"]
[White "Piesik, Piotr"]
[Black "Nayhebaver, Martin"]
[Result "1/2-1/2"]
[WhiteElo "2420"]
[BlackElo "2464"]
[Annotator "RC"]
[PlyCount "43"]
[EventDate "2018.11.03"]
[EventType "team-tourn"]
[EventCountry "CZE"]
[SourceTitle "playchess.com"]
[Source "ChessBase"]
[SourceQuality "1"]
[WhiteTeam "Cesky Tesin"]
[BlackTeam "Brno"]
[TimeControl "40/5400+30:1800+30"]

1. d4 {[%emt 0:00:00]} Nf6 {[%emt 0:00:00]} 2. c4 {[%emt 0:00:36]} e6 {[%emt 0:00:18]} 3. g3 {[%emt 0:00:31]} d5 {[%emt 0:01:59]} 4. Nf3 {[%emt 0:00:22]} Bb4+ {[%emt 0:01:35]} 5. Bd2 {[%emt 0:00:41]} Bd6 {[%emt 0:02:04]} 6. Nc3 {[%emt 0:07:43]} c6 {[%emt 0:00:24]} 7. b3 {[%emt 0:01:13]} O-O {[%emt 0:01:38]} 8. Bg2 {[%emt 0:00:12]} Nbd7 {[%emt 0:01:14]} 9. O-O {[%emt 0:02:19]} h6 {[%emt 0:03:12]} 10. Qc2 {[%emt 0:01:45]} b6 {[%emt 0:14:39]} 11. e4 {[%emt 0:05:32]} dxe4 {[%emt 0:00:41]} 12. Nxe4 {[%emt 0:00:01]} Nxe4 {[%emt 0:00:43]} 13. Qxe4 {[%emt 0:00:06]} Bb7 {[%emt 0:00:24]} 14. Rad1 {[%emt 0:10:18]} Qe7 {[%emt 0:08:56]} 15. Bf4 {[%emt 0:21:24]} Rfd8 {[%emt 0:05:12]} 16. Ne5 {[%emt 0:09:51]} Rac8 {[%emt 0:07:11]} 17. Rfe1 {[%emt 0:06:58]} Ba8 {[%emt 0:09:48]} 18. Qc2 {[%emt 0:01:09]} Nxe5 {[%emt 0:03:40]} 19. dxe5 {[%emt 0:00:55]} Bc5 {[%emt 0:03:04]} 20. Qe4 {[%emt 0:10:59]} Bb4 {[%emt 0:02:59]} 21. Rf1 {[%emt 0:00:28]} Rd7 {[%emt 0:12:46]} 22. Be3 {[%emt 0:03:35]} 1/2-1/2

[Event "CZE-tht Extraliga 2018-19"]
[Site "Czech Republic"]
[Date "2019.04.20"]
[Round "10.4"]
[White "Vrbata, Zbynek"]
[Black "Jakubiec, Artur"]
[Result "1/2-1/2"]
[WhiteElo "2342"]
[BlackElo "2474"]
[Annotator "TA"]
[PlyCount "41"]
[EventDate "2018.11.03"]
[EventType "team-tourn"]
[EventCountry "CZE"]
[SourceTitle "playchess.com"]
[Source "ChessBase"]
[SourceQuality "1"]
[WhiteTeam "Siesta B"]
[BlackTeam "Ostrava"]

{[%evp 21,41,28,45,0,15,14,18,5,10,13,17,15,61,60,66,66,74,66,62,60,64,64]} 1. d4 f5 2. g3 Nf6 3. Bg2 g6 4. Nf3 Bg7 5. O-O O-O 6. Nbd2 d6 7. b3 Nc6 8. Bb2 Ne4 9. e3 Nxd2 10. Qxd2 Qe8 11. c4 e5 12. d5 {A87: Dutch Defence: Leningrad System: 5 Nf3} (12. Ne1 Bd7 13. f4 Kh8 14. fxe5 dxe5 15. d5 Nd8 16. Nd3 e4 17. Nc5 Bxb2 18. Qxb2+ Kg8 19. g4 Bc8 20. gxf5 Bxf5 {1-0 (42) Borges Matos,J (2431)-Nijboer,F (2641) Calvia 2006}) 12... Nd8 13. Rac1 $146 ({Predecessor:} 13. Ne1 Nf7 14. Nd3 Qe7 15. b4 g5 16. Rac1 g4 17. c5 Ng5 18. Ne1 Qf7 19. Qc2 Qh5 20. f4 gxf3 21. Nxf3 Rf6 22. Nh4 Qg4 23. a3 Rf7 24. Nf3 Nxf3+ 25. Rxf3 Rf6 {½-½ (25) Plotecki,J (1945)-Mucha,M (1784) Polanica Zdroj 2008}) 13... Nf7 14. Ne1 {The position is equal.} Qe7 15. f4 Bd7 16. Nd3 c5 17. dxc6 $1 Bxc6 18. Nb4 e4 19. Bxg7 Kxg7 20. Rfd1 Qf6 21. h3 1/2-1/2

[Event "CZE-tht Extraliga 2018-19"]
[Site "Czech Republic"]
[Date "2019.04.20"]
[Round "10.5"]
[White "Krejci, Jan"]
[Black "Votava, Jan"]
[Result "1/2-1/2"]
[WhiteElo "2588"]
[BlackElo "2518"]
[Annotator "ChessBase"]
[PlyCount "47"]
[EventDate "2018.11.03"]
[EventType "team-tourn"]
[EventCountry "CZE"]
[SourceTitle "playchess.com"]
[Source "ChessBase"]
[SourceQuality "1"]
[WhiteTeam "Novoborsky"]
[BlackTeam "Pardubice"]
[TimeControl "40/5400+30:1800+30"]

1. e4 {[%emt 0:00:00]} e5 {[%emt 0:00:00]} 2. Nf3 {[%emt 0:00:00]} Nc6 {[%emt 0:00:00]} 3. Bb5 {[%emt 0:00:00]} a6 {[%emt 0:00:05]} 4. Ba4 {[%emt 0:00:00]} Nf6 {[%emt 0:00:27]} 5. O-O {[%emt 0:00:00]} Be7 {[%emt 0:00:25]} 6. Re1 {[%emt 0:00:00]} b5 {[%emt 0:00:16]} 7. Bb3 {[%emt 0:00:00]} O-O {[%emt 0:11:43]} 8. d4 {[%emt 0:00:12]} Nxd4 {[%emt 0:03:44]} 9. Nxd4 {[%emt 0:00:12]} exd4 {[%emt 0:00:01]} 10. e5 {[%emt 0:00:08]} Ne8 {[%emt 0:00:12]} 11. c3 {[%emt 0:00:03]} c5 {[%emt 0:01:31]} 12. cxd4 {[%emt 0:00:16]} c4 {[%emt 0:00:13]} 13. Bc2 {[%emt 0:00:04]} d5 {[%emt 0:01:09]} 14. Nc3 {[%emt 0:05:18]} Nc7 {[%emt 0:01:27]} 15. a3 {[%emt 0:07:28]} a5 {[%emt 0:05:44]} 16. Ne2 {[%emt 0:13:21]} Ra6 {[%emt 0:08:42]} 17. Ng3 {[%emt 0:06:48]} f5 {[%emt 0:15:47]} 18. exf6 {[%emt 0:00:27]} Bxf6 {[%emt 0:01:09]} 19. Bf4 {[%emt 0:03:33]} Ne6 {[%emt 0:08:27]} 20. Be5 {[%emt 0:05:11]} g6 {[%emt 0:01:40]} 21. Qd2 {[%emt 0:15:30]} Bg5 {[%emt 0:01:11]} 22. Qe2 {[%emt 0:00:24]} Nf4 {[%emt 0:02:32]} 23. Qf1 {[%emt 0:00:23]} Ra7 {[%emt 0:13:26]} 24. Ne2 {[%emt 0:05:44]} 1/2-1/2

[Event "CZE-tht Extraliga 2018-19"]
[Site "Czech Republic"]
[Date "2019.04.20"]
[Round "10.5"]
[White "Jurcik, Marian"]
[Black "Vykouk, Jan"]
[Result "*"]
[WhiteElo "2494"]
[BlackElo "2441"]
[Annotator "ChessBase"]
[PlyCount "138"]
[EventDate "2018.11.03"]
[EventType "team-tourn"]
[EventCountry "CZE"]
[SourceTitle "playchess.com"]
[Source "ChessBase"]
[SourceQuality "1"]
[WhiteTeam "Siesta"]
[BlackTeam "Turnov"]
[TimeControl "40/5400+30:1800+30"]

1. e4 {[%emt 0:00:00]} c5 {[%emt 0:00:00]} 2. Nc3 {[%emt 0:00:27]} Nc6 {[%emt 0:00:00]} 3. Nf3 {[%emt 0:01:10]} e6 {[%emt 0:00:21]} 4. d4 {[%emt 0:00:22]} cxd4 {[%emt 0:00:05]} 5. Nxd4 {[%emt 0:00:09]} d6 {[%emt 0:00:03]} 6. g4 {[%emt 0:01:21]} a6 {[%emt 0:00:31]} 7. Be3 {[%emt 0:01:06]} Qc7 {[%emt 0:00:43]} 8. Qe2 {[%emt 0:03:42]} Nge7 {[%emt 0:01:35]} 9. Nb3 {[%emt 0:03:20]} b5 {[%emt 0:00:23]} 10. f4 {[%emt 0:00:42]} Bb7 {[%emt 0:01:16]} 11. O-O-O {[%emt 0:03:49]} Rc8 {[%emt 0:03:53]} 12. Qf2 {[%emt 0:08:11]} g5 {[%emt 0:07:48]} 13. Bxb5 {[%emt 0:01:41]} gxf4 {[%emt 0:00:13]} 14. Bxf4 {[%emt 0:03:02]} Ng6 {[%emt 0:00:37]} 15. Ba4 {[%emt 0:05:11]} Be7 {[%emt 0:08:21]} 16. Nd5 {[%emt 0:03:26]} exd5 {[%emt 0:00:04]} 17. exd5 {[%emt 0:00:08]} O-O {[%emt 0:00:04]} 18. dxc6 {[%emt 0:01:16]} Bxc6 {[%emt 0:00:09]} 19. Bxc6 {[%emt 0:00:20]} Qxc6 {[%emt 0:00:05]} 20. Bh6 {[%emt 0:07:18]} Bh4 {[%emt 0:03:07]} 21. Qd2 {[%emt 0:01:01]} Rfe8 {[%emt 0:00:03]} 22. Kb1 {[%emt 0:07:16]} Qf3 {[%emt 0:05:45]} 23. g5 {[%emt 0:02:51]} Qe4 {[%emt 0:05:07]} 24. Qd4 {[%emt 0:10:52]} Qxc2+ {[%emt 0:02:15]} 25. Ka1 {[%emt 0:00:05]} Re5 {[%emt 0:00:47]} 26. Rc1 {[%emt 0:10:42]} Qf5 {[%emt 0:00:08]} 27. Qxd6 {[%emt 0:00:32]} Rce8 {[%emt 0:02:03]} 28. Rhg1 {[%emt 0:07:56]} Qe6 {[%emt 0:04:50]} 29. Qxe6 {[%emt 0:02:54]} fxe6 {[%emt 0:00:08]} 30. Rc6 {[%emt 0:04:26]} Rd5 {[%emt 0:00:38]} 31. Rc7 {[%emt 0:03:31]} e5 {[%emt 0:00:54]} 32. Rg7+ {[%emt 0:02:21]} Kh8 {[%emt 0:00:05]} 33. Rc7 {[%emt 0:00:54]} e4 {[%emt 0:03:15]} 34. Bg7+ {[%emt 0:00:04]} Kg8 {[%emt 0:00:01]} 35. Bc3 {[%emt 0:02:04]} e3 {[%emt 0:00:09]} 36. Nc1 {[%emt 0:02:31]} e2 {[%emt 0:04:05]} 37. Rg7+ {[%emt 0:00:22]} Kf8 {[%emt 0:00:08]} 38. Nxe2 {[%emt 0:00:07]} Rxe2 {[%emt 0:00:05]} 39. Rxh7 {[%emt 0:00:49]} Be1 {[%emt 0:03:44]} 40. Rf1+ {[%emt 0:01:14]} Ke8 {[%emt 0:00:14]} 41. a4 {[%emt 0:04:26]} Bxc3 {[%emt 0:01:01]} 42. bxc3 {[%emt 0:00:01]} Rxg5 {[%emt 0:00:52]} 43. Rb1 {[%emt 0:01:14]} Ne7 {[%emt 0:01:02]} 44. Rb2 {[%emt 0:01:08]} Rgg2 {[%emt 0:04:14]} 45. Rxe2 {[%emt 0:03:58]} Rxe2 {[%emt 0:00:20]} 46. Rh6 {[%emt 0:01:23]} Nd5 {[%emt 0:00:46]} 47. Kb1 {[%emt 0:00:53]} Nc7 {[%emt 0:01:35]} 48. Rh7 {[%emt 0:02:20]} Kd8 {[%emt 0:00:05]} 49. h4 {[%emt 0:00:17]} Rh2 {[%emt 0:00:06]} 50. c4 {[%emt 0:03:01]} Kc8 {[%emt 0:00:05]} 51. a5 {[%emt 0:01:40]} Re2 {[%emt 0:02:06]} 52. c5 Re5 53. c6 {[%emt 0:07:55]} Ne6 {[%emt 0:04:23]} 54. h5 {[%emt 0:02:30]} Rb5+ {[%emt 0:06:15]} 55. Kc1 {[%emt 0:00:07]} Rc5+ {[%emt 0:02:15]} 56. Kb2 {[%emt 0:01:24]} Rxc6 {[%emt 0:00:08]} 57. h6 {[%emt 0:01:24]} Nc7 {[%emt 0:00:30]} 58. Kb3 {[%emt 0:02:29]} Kb8 59. Rh8+ {[%emt 0:03:28]} Kb7 {[%emt 0:02:17]} 60. h7 {[%emt 0:00:15]} Rh6 {[%emt 0:00:04]} 61. Kc4 {[%emt 0:00:13]} Rh5 {[%emt 0:00:55]} 62. Kb4 {[%emt 0:00:58]} Nd5+ {[%emt 0:00:54]} 63. Kc4 {[%emt 0:00:17]} Nf6 {[%emt 0:00:34]} 64. Rf8 {[%emt 0:00:54]} Rh4+ {[%emt 0:00:30]} 65. Kb3 {[%emt 0:00:31]} Nxh7 {[%emt 0:00:09]} 66. Rh8 {[%emt 0:00:29]} Rh5 {[%emt 0:00:55]} 67. Kc4 {[%emt 0:00:29]} Nf6 {[%emt 0:00:28]} 68. Rf8 {[%emt 0:00:23]} Nd7 {[%emt 0:00:11]} 69. Rd8 {[%emt 0:00:39]} Kc7 {[%emt 0:00:29]} *

[Event "CZE-tht Extraliga 2018-19"]
[Site "Czech Republic"]
[Date "2019.04.20"]
[Round "10.5"]
[White "Velicka, Petr"]
[Black "Rehorek, Martin"]
[Result "1/2-1/2"]
[WhiteElo "2434"]
[BlackElo "2298"]
[Annotator "NA"]
[PlyCount "53"]
[EventDate "2018.11.03"]
[EventType "team-tourn"]
[EventCountry "CZE"]
[SourceTitle "playchess.com"]
[Source "ChessBase"]
[SourceQuality "1"]
[WhiteTeam "Ostrava"]
[BlackTeam "Siesta B"]
[TimeControl "40/5400+30:1800+30"]

1. e4 {[%emt 0:00:00]} c5 {[%emt 0:00:00]} 2. Nf3 {[%emt 0:00:00]} e6 {[%emt 0:00:00]} 3. d4 {[%emt 0:00:01]} cxd4 {[%emt 0:00:00]} 4. Nxd4 {[%emt 0:00:05]} a6 {[%emt 0:00:00]} 5. Bd3 {[%emt 0:00:17]} Nf6 {[%emt 0:00:49]} 6. O-O {[%emt 0:01:10]} d6 {[%emt 0:00:20]} 7. c4 {[%emt 0:00:10]} Be7 {[%emt 0:00:39]} 8. Nc3 {[%emt 0:00:26]} O-O {[%emt 0:00:33]} 9. Be3 {[%emt 0:04:53]} Nc6 {[%emt 0:03:51]} 10. Rc1 {[%emt 0:09:50]} Bd7 {[%emt 0:06:19]} 11. f3 {[%emt 0:05:18]} Rc8 {[%emt 0:08:40]} 12. Nxc6 {[%emt 0:02:02]} Bxc6 {[%emt 0:03:09]} 13. Qd2 {[%emt 0:00:25]} Kh8 {[%emt 0:12:50]} 14. Rfd1 {[%emt 0:03:56]} Rg8 {[%emt 0:12:23]} 15. Bf1 {[%emt 0:06:06]} Nd7 {[%emt 0:10:42]} 16. Nd5 {[%emt 0:03:35]} exd5 {[%emt 0:02:31]} 17. exd5 {[%emt 0:01:28]} Ba4 {[%emt 0:00:11]} 18. b3 {[%emt 0:00:07]} Nc5 {[%emt 0:00:45]} 19. bxa4 {[%emt 0:01:59]} Nxa4 {[%emt 0:01:27]} 20. Qb4 {[%emt 0:02:06]} Qd7 {[%emt 0:01:15]} 21. Bd4 {[%emt 0:04:40]} Bf6 {[%emt 0:00:47]} 22. Bxf6 {[%emt 0:00:49]} gxf6 {[%emt 0:00:03]} 23. Re1 {[%emt 0:06:35]} Rce8 {[%emt 0:01:45]} 24. Rxe8 {[%emt 0:05:59]} Rxe8 {[%emt 0:00:09]} 25. Re1 {[%emt 0:00:30]} Nc5 {[%emt 0:00:50]} 26. Qc3 {[%emt 0:01:31]} Kg7 {[%emt 0:01:27]} 27. f4 {[%emt 0:06:01]} 1/2-1/2

[Event "CZE-tht Extraliga 2018-19"]
[Site "Czech Republic"]
[Date "2019.04.20"]
[Round "10.5"]
[White "Kanovsky, David"]
[Black "Oral, Tomas"]
[Result "1/2-1/2"]
[WhiteElo "2425"]
[BlackElo "2516"]
[Annotator "TA"]
[PlyCount "89"]
[EventDate "2018.11.03"]
[EventType "team-tourn"]
[EventCountry "CZE"]
[SourceTitle "playchess.com"]
[Source "ChessBase"]
[SourceQuality "1"]
[WhiteTeam "Poruba"]
[BlackTeam "Lysa nad Labem"]

{[%evp 26,89,0,0,0,0,0,0,0,0,0,0,0,0,0,0,0,0,0,0,0,0,0,0,0,0,0,0,0,0,39,37,67,30,67,67,67,67,67,67,272,89,89,89,89,49,49,36,54,54,54,36,36,36,39,0,0,0,0,0,0,0,0,0,0,0]} 1. c4 e5 2. g3 Nf6 3. Bg2 d5 4. cxd5 Nxd5 5. Nc3 Nb6 6. Nf3 Nc6 7. d3 Be7 8. a3 Be6 9. b4 {[%cal Bb2b4,Bb4b5][%mdl 32]} a5 10. b5 Nd4 11. Rb1 f6 12. O-O O-O 13. Nxd4 exd4 14. Na4 Bd5 {A29: English Opening: Four Knights Variation with 4 g3} (14... Nxa4 15. Qxa4 Ra7 16. Bb2 Bc5 17. Rfc1 b6 18. Rxc5 bxc5 19. Qc2 Qd6 20. Rc1 Bd5 21. Qxc5 Qxc5 22. Rxc5 Bxg2 23. Kxg2 {1-0 (46) Svidler,P (2753)-Fedoseev,V (2662) Dubai 2014}) 15. Nxb6 cxb6 16. a4 Bxg2 17. Kxg2 Qd5+ 18. Kg1 Rac8 19. e4 dxe3 $1 20. Bxe3 Bc5 21. d4 $146 ({Predecessor:} 21. Qb3 Qxb3 22. Rxb3 Bxe3 23. fxe3 {1-0 (41) Lillelokken,K-Vagle,R Norway 2002}) 21... Bd6 22. Rc1 Rxc1 23. Qxc1 f5 24. Bf4 Qxd4 25. Bxd6 Qxd6 $11 {[%mdl 4096] Endgame KQR-KQR} 26. Rd1 Qb4 27. Rd7 Re8 {[#]} 28. Qg5 $1 {[%csl Gd7][%cal Rg5g7][%mdl 512]} Qe1+ 29. Kg2 {[%csl Gd7][%cal Rg5g7]} Qe4+ 30. Kh3 {[%csl Gd7][%cal Rg5g7]} Qg4+ $1 31. Qxg4 fxg4+ 32. Kxg4 $14 {KR-KR} Re2 $2 ({Black should play} 32... Re4+ $14 33. f4 Rxa4) 33. f4 $2 (33. Rxb7 $18 {is more deadly.} Rxf2 34. Rxb6) 33... Ra2 34. Rxb7 Rxa4 35. Kf5 Rb4 36. Ke6 {[%cal Rb7b8] [#]} ({Resist} 36. Rxb6 a4 $16) (36. Rb8+ {looks sharper.} Kf7 37. Rxb6 a4 38. Rb7+ Kg8 39. Ke6) 36... h6 37. Rxb6 {Hoping for Rb8+.} a4 {[%cal Ba5a4,Ba4a3,Ba3a2][%mdl 32]} 38. Rb8+ Kh7 39. Kf7 {Black must now prevent Rg8.} a3 {...Ra4 is the strong threat.} 40. Rg8 Ra4 $1 {[%cal Ra4a7] Threatens to win with ...Ra7+.The position is equal.} 41. Rxg7+ Kh8 {aiming for ...Ra7+.} 42. b6 {White threatens b7 and mate.} a2 43. b7 {[%cal Rb7b8]} Ra7 $1 {[%cal Ra7b7]} 44. Rg8+ $1 ({Don't go for} 44. Kg6 $2 Ra6+ 45. Kh5 (45. Kf7 $2 Rf6+ 46. Ke7 Rb6 $19) 45... Kxg7 $19) 44... Kh7 45. Rg7+ {Accuracy: White = 61%, Black = 65%.} 1/2-1/2

[Event "CZE-tht Extraliga 2018-19"]
[Site "Czech Republic"]
[Date "2019.04.20"]
[Round "10.5"]
[White "Roubalik, Jakub"]
[Black "Rausis, Igors"]
[Result "0-1"]
[WhiteElo "2417"]
[BlackElo "2653"]
[Annotator "TA"]
[PlyCount "40"]
[EventDate "2018.11.03"]
[EventType "team-tourn"]
[EventCountry "CZE"]
[SourceTitle "playchess.com"]
[Source "ChessBase"]
[SourceQuality "1"]
[WhiteTeam "Duras"]
[BlackTeam "Beskydska"]

{[%evp 11,40,-12,16,-56,-49,-62,-62,-63,-51,-85,-70,-79,-81,-101,-108,-173,-168,-289,-283,-309,-308,-322,-318,-625,-610,-1702,-5581,-2775,-3139,-1787,-1741]} 1. d4 d5 2. c4 dxc4 3. e4 Nc6 4. Be3 Nf6 5. f3 e5 6. d5 {[#]} Nd4 $1 {[%mdl 512]} 7. Bxc4 {D20: Queen's Gambit Accepted: 3 e3 and 3 e4} (7. Bxd4 $11 exd4 8. Qxd4) 7... Bc5 $1 $15 8. Bf2 c6 {[%cal Rc6d5]} 9. dxc6 {Black is slightly better.} Qb6 10. Qd2 O-O {aiming for ...Rd8.} 11. Nc3 $1 Nxc6 ({Of course not} 11... bxc6 12. Na4 $11) 12. Bxc5 $146 ({Predecessor:} 12. Bd5 Nb4 13. Rd1 Nfxd5 14. Bxc5 Qxc5 15. Nxd5 Nc2+ 16. Kf1 Be6 17. Qc3 Qxc3 18. bxc3 Bxd5 {0-1 (18) Allen,K (2278)-Baburin,A (2598) Belfast 2001}) 12... Qxc5 13. Bb3 {[#]} (13. Bb5 $17) 13... Be6 $1 $36 {[%mdl 2048] Black is on the roll.} 14. Bxe6 (14. Qf2 $142 Qa5 15. Bxe6 fxe6 16. Nge2) 14... fxe6 15. Nh3 Rad8 16. Qf2 Nd4 {...Ng4! is the strong threat.} 17. O-O-O $2 {[#]} (17. O-O Ng4 18. fxg4) 17... Nxe4 $1 {[%mdl 576] Pin. Black is clearly winning.} 18. Qe1 (18. fxe4 Rxf2) 18... Nxc3 19. bxc3 Qa3+ 20. Kb1 Rd6 {Accuracy: White = 13%, Black = 100%.} 0-1

[Event "CZE-tht Extraliga 2018-19"]
[Site "Czech Republic"]
[Date "2019.04.20"]
[Round "10.5"]
[White "Vojta, Tomas"]
[Black "Langner, Ladislav"]
[Result "1-0"]
[WhiteElo "2369"]
[BlackElo "2375"]
[Annotator "NA"]
[PlyCount "59"]
[EventDate "2018.11.03"]
[EventType "team-tourn"]
[EventCountry "CZE"]
[SourceTitle "playchess.com"]
[Source "ChessBase"]
[SourceQuality "1"]
[WhiteTeam "Brno"]
[BlackTeam "Cesky Tesin"]
[TimeControl "40/5400+30:1800+30"]

1. e4 {[%emt 0:00:00]} g6 {[%emt 0:00:00]} 2. d4 {[%emt 0:00:00]} Bg7 {[%emt 0:00:00]} 3. Nc3 {[%emt 0:00:17]} c6 {[%emt 0:00:06]} 4. h3 {[%emt 0:00:41]} d5 {[%emt 0:00:30]} 5. Nf3 {[%emt 0:00:33]} dxe4 {[%emt 0:00:34]} 6. Nxe4 {[%emt 0:00:21]} Nd7 {[%emt 0:00:21]} 7. c3 {[%emt 0:02:43]} Ngf6 {[%emt 0:00:53]} 8. Bd3 {[%emt 0:03:33]} O-O {[%emt 0:05:48]} 9. O-O {[%emt 0:00:35]} Nxe4 {[%emt 0:02:22]} 10. Bxe4 {[%emt 0:00:08]} c5 {[%emt 0:05:26]} 11. Re1 {[%emt 0:07:12]} cxd4 {[%emt 0:02:09]} 12. Nxd4 $11 {[%emt 0:02:13]} Nc5 {[%emt 0:01:05]} 13. Bc2 {[%emt 0:00:41]} e5 {[%emt 0:08:08]} 14. Nb3 {[%emt 0:10:23]} Ne6 {[%emt 0:08:44]} 15. Qxd8 {[%emt 0:02:33]} Rxd8 {[%emt 0:01:17]} 16. Be3 {[%emt 0:00:43]} f5 {[%emt 0:09:17]} 17. f3 {[%emt 0:03:45]} Bd7 {[%emt 0:01:38]} 18. Rad1 {[%emt 0:05:18]} b6 {[%emt 0:01:07]} 19. Nd2 {[%emt 0:05:17]} Kf8 {[%emt 0:28:52]} 20. Bb3 {[%emt 0:08:53]} Ke7 {[%emt 0:00:08]} 21. Nc4 {[%emt 0:05:40]} b5 {[%emt 0:12:55]} 22. Na5 {[%emt 0:11:23]} a6 {[%emt 0:00:40]} 23. Bd5 {[%emt 0:02:19]} Rac8 {[%emt 0:02:48]} 24. Bb7 {[%emt 0:04:35]} Rc7 {[%emt 0:00:19]} 25. Bb6 {[%emt 0:01:33]} Rxb7 {[%emt 0:00:07]} 26. Nxb7 {[%emt 0:00:03]} Rc8 {[%emt 0:02:08]} 27. Be3 {[%emt 0:02:25]} Bc6 {[%emt 0:01:04]} 28. Nc5 {[%emt 0:02:47]} Bxf3 {[%emt 0:02:21]} 29. Rd7+ {[%emt 0:01:21]} Ke8 {[%emt 0:00:03]} 30. Rxg7 {[%emt 0:00:57]} 1-0